[Event "Porec Open 2011"]
[Site "Porec CRO"]
[Date "2011.12.02"]
[Round "4.9"]
[White "Valkovic,K"]
[Black "Monjac,M"]
[Result "1/2-1/2"]
[WhiteElo "2101"]
[BlackElo "2013"]
[WhiteFideId "14513200"]
[BlackFideId "14520761"]
[EventDate "2011.12.01"]

1. d4 Nf6 2. Nf3 e6 3. Bf4 b6 4. e3 Bb7 5. Bd3 d6 6. O-O Nbd7 7. Nbd2 Qe7 8. Bg3
g6 9. c4 Bg7 10. Qc2 O-O 11. e4 e5 12. d5 Nc5 13. Be2 a5 14. a3 a4 15. Bh4 h6
16. Ne1 Bc8 17. Nd3 Nxd3 18. Qxd3 Qe8 19. b4 axb3 20. Qxb3 Nd7 21. Qb5 Nc5 22.
Qxe8 Rxe8 23. f3 Bd7 24. Bf2 Nb7 25. Nb1 Ra7 26. Rd1 Rea8 27. Rd2 Bf6 28. Be3
Bg5 29. Bxg5 hxg5 30. Rda2 Nc5 31. Nd2 Ba4 32. Rb2 Bd7 33. Rba2 f5 34. Kf2 Kg7
35. Ke3 Kf6 36. Bd1 Ba4 37. Bxa4 Rxa4 38. Ke2 R4a5 39. Ke3 1/2-1/2

[Event "Porec Open 2011"]
[Site "Porec CRO"]
[Date "2011.12.02"]
[Round "4.10"]
[White "Grguric,Dr"]
[Black "Pasalic,E"]
[Result "1-0"]
[WhiteElo "2073"]
[BlackElo "2082"]
[WhiteFideId "14502674"]
[BlackFideId "14513439"]
[EventDate "2011.12.01"]

1. e4 c5 2. Nf3 Nc6 3. d4 cxd4 4. Nxd4 g6 5. Nc3 Bg7 6. Be3 Nf6 7. Be2 O-O 8.
Qd2 d5 9. Nxc6 bxc6 10. O-O-O Qa5 11. e5 Ng4 12. Bxg4 Bxg4 13. f3 Be6 14. f4 f6
15. exf6 exf6 16. Kb1 Rab8 17. b3 Rfe8 18. Rde1 Bf5 19. h3 Qa3 20. Ka1 Be4 21.
Bd4 c5 22. Nb1 Qb4 23. Qxb4 cxb4 24. Re2 Rbc8 25. Kb2 f5 26. Bxg7 Kxg7 27. a3 a5
28. axb4 axb4 29. Rd1 Red8 30. Rd4 Rb8 31. g3 Kf6 32. h4 Rdc8 33. Rh2 Rc5 34. c3
Rcb5 35. cxb4 Bxb1 36. Kxb1 Rxb4 37. Rxb4 Rxb4 38. Kc2 Re4 39. Kd3 Ke6 40. Ra2
d4 41. Ra6+ Kd5 42. Ra5+ Kd6 43. b4 Re3+ 44. Kxd4 Rxg3 45. Ra6+ Kc7 46. Ra7+ Kb6
47. Rxh7 Rg4 48. Ke5 Kb5 49. h5 gxh5 50. Rxh5 Kxb4 51. Kxf5 Rg1 52. Ke6 Rf1 53.
f5 Kc5 54. f6+ Kc6 55. f7 1-0

[Event "Porec Open 2011"]
[Site "Porec CRO"]
[Date "2011.12.02"]
[Round "5.1"]
[White "Zaja,I"]
[Black "Martinovic,Sa"]
[Result "1/2-1/2"]
[WhiteTitle "GM"]
[BlackTitle "GM"]
[WhiteElo "2508"]
[BlackElo "2504"]
[WhiteFideId "14500450"]
[BlackFideId "14509792"]
[EventDate "2011.12.01"]

1. d4 d5 2. c4 c6 3. Nf3 Nf6 4. Nc3 e6 5. Bg5 dxc4 6. e4 b5 7. e5 h6 8. Bh4 g5
9. Nxg5 hxg5 10. Bxg5 Nbd7 11. exf6 Bb7 12. g3 c5 13. d5 Nxf6 14. Bg2 Be7 15.
O-O Nxd5 16. Bxe7 Kxe7 17. Nxb5 Qb6 18. Na3 Rh4 19. Qd2 Nf4 1/2-1/2

[Event "Porec Open 2011"]
[Site "Porec CRO"]
[Date "2011.12.02"]
[Round "5.2"]
[White "Jovanic,O"]
[Black "Fercec,N"]
[Result "1-0"]
[WhiteTitle "GM"]
[BlackTitle "GM"]
[WhiteElo "2476"]
[BlackElo "2451"]
[WhiteFideId "14504081"]
[BlackFideId "14500299"]
[EventDate "2011.12.01"]

1. d4 Nf6 2. c4 g6 3. Nc3 d5 4. Bg5 Ne4 5. Bh4 Nxc3 6. bxc3 dxc4 7. e3 Bg7 8.
Bxc4 O-O 9. Nf3 c5 10. O-O Nc6 11. Rb1 Na5 12. Bd3 Be6 13. Qa4 b6 14. Rfd1 cxd4
15. cxd4 Rc8 16. Ba6 Rc7 17. Bg3 Rc3 18. Rbc1 Rxc1 19. Rxc1 Qd5 20. Rc7 Ra8 21.
Rxe7 Bf8 22. Rc7 Qxa2 23. Qxa2 Bxa2 24. e4 Re8 25. Ne5 Re7 26. Nd7 Be6 27. Nxf8
Rxc7 28. Bxc7 Kxf8 29. d5 Bd7 30. Bb8 Nb3 31. Bxa7 Nc5 32. Bc4 Nxe4 33. Bxb6 Ke7
34. f3 Nd2 35. Bc5+ Kf6 36. Ba2 1-0

[Event "Porec Open 2011"]
[Site "Porec CRO"]
[Date "2011.12.03"]
[Round "6.1"]
[White "Zufic,M"]
[Black "Jovanic,O"]
[Result "0-1"]
[WhiteTitle "IM"]
[BlackTitle "GM"]
[WhiteElo "2409"]
[BlackElo "2476"]
[WhiteFideId "14506157"]
[BlackFideId "14504081"]
[EventDate "2011.12.01"]

1. e4 e5 2. Nf3 Nc6 3. Bb5 Nf6 4. d3 Bc5 5. c3 d6 6. h3 O-O 7. O-O Bb6 8. Nbd2
Ne7 9. Nc4 Ng6 10. Ba4 c6 11. Nxb6 axb6 12. Bc2 b5 13. d4 Qe7 14. Re1 h6 15. Be3
Re8 16. a3 Nh7 17. dxe5 dxe5 18. Nd2 Ng5 19. Qh5 Ne6 20. g3 Ng5 21. Bxg5 Qxg5
22. Qxg5 hxg5 23. Kg2 Be6 24. Nf1 Red8 25. Red1 f6 26. Ne3 Ne7 27. Rxd8+ Rxd8
28. a4 Ra8 29. a5 c5 30. b4 cxb4 31. cxb4 Nc6 32. Nd5 Bxd5 33. exd5 Nxb4 34. Bf5
b6 35. d6 bxa5 36. d7 Rd8 37. Rxa5 Nc6 38. Rxb5 Nd4 39. Rc5 Kf8 40. Bg4 Ke7 41.
Ra5 Ne6 42. Ra6 Nf8 43. Kf3 g6 44. Ke3 f5 45. Be2 Rxd7 46. Bc4 Rd6 47. Ra7+ Nd7
48. Bb5 Ke6 49. Bxd7+ Rxd7 50. Ra5 Rd5 51. Ra6+ Rd6 52. Ra5 Kf6 53. Ra8 e4 54.
Rf8+ Ke5 55. Re8+ Re6 56. Ra8 f4+ 57. Ke2 Rb6 58. Re8+ Kd5 59. Rd8+ Rd6 60. Ra8
Kd4 61. Ra4+ Ke5 62. Ra5+ Rd5 63. Ra3 Rb5 64. Ra8 f3+ 65. Ke3 Rb3+ 66. Kd2 Rb2+
67. Ke1 Rb1+ 68. Kd2 Rf1 69. Re8+ Kd5 70. Rd8+ Kc6 71. Rg8 Rxf2+ 72. Kc3 e3 73.
Rxg6+ Kd7 0-1

[Event "Porec Open 2011"]
[Site "Porec CRO"]
[Date "2011.12.03"]
[Round "6.2"]
[White "Crepan,M"]
[Black "Zaja,I"]
[Result "0-1"]
[WhiteTitle "FM"]
[BlackTitle "GM"]
[WhiteElo "2316"]
[BlackElo "2508"]
[WhiteFideId "14600102"]
[BlackFideId "14500450"]
[EventDate "2011.12.01"]

1. e4 e6 2. d4 d5 3. e5 c5 4. c3 Nc6 5. Nf3 Bd7 6. Bd3 Rc8 7. a3 Qb6 8. dxc5
Bxc5 9. O-O Qc7 10. Bf4 Nge7 11. Bg3 Ng6 12. Re1 Qd8 13. Nbd2 O-O 14. Nb3 Bb6
15. Nbd4 f5 16. h4 Bxd4 17. cxd4 Be8 18. Qd2 h6 19. Rac1 f4 20. Bxg6 Bxg6 21.
Bxf4 Bh5 22. Rc3 Bxf3 23. Rxf3 Qxh4 24. Rd1 Qg4 25. Qe3 Ne7 26. Bg3 Rxf3 27.
gxf3 Qg6 28. Rc1 Rc2 29. Kh2 Nf5 30. Rxc2 Nxe3 31. Rc8+ Kh7 32. fxe3 Qb1 33. Re8
Qxb2+ 34. Kh3 Qb6 35. f4 Kg6 36. Re7 Qa6 37. Kg2 Qxa3 38. Rxe6+ Kf5 39. Re8 Qxe3
40. Bf2 Qe2 41. Rc8 Kxf4 42. Rc3 Kf5 43. Re3 Qg4+ 44. Rg3 Qe4+ 45. Kg1 g5 46.
Rb3 b6 47. Rc3 h5 48. Re3 Qg4+ 49. Kf1 Ke6 50. Rc3 h4 51. Rc6+ Ke7 52. Rh6 h3
53. Rh7+ Kf8 54. Rh6 Qg2+ 0-1

[Event "Porec Open 2011"]
[Site "Porec CRO"]
[Date "2011.12.04"]
[Round "7.2"]
[White "Fercec,N"]
[Black "Licardo,R"]
[Result "1-0"]
[WhiteTitle "GM"]
[WhiteElo "2451"]
[BlackElo "2200"]
[WhiteFideId "14500299"]
[BlackFideId "14503573"]
[EventDate "2011.12.01"]

1. e4 c5 2. Nf3 d6 3. d4 cxd4 4. Nxd4 Nf6 5. Nc3 g6 6. Be3 Bg7 7. f3 Nc6 8. Qd2
O-O 9. O-O-O d5 10. Qe1 e5 11. Nxc6 bxc6 12. exd5 cxd5 13. Bg5 Be6 14. Bc4 Qc7
15. Bxf6 Bxf6 16. Bxd5 Rac8 17. Bxe6 fxe6 18. Qe2 Qa5 19. Qb5 Qxb5 20. Nxb5 e4
21. Nd6 Rb8 22. Nxe4 Bxb2+ 23. Kd2 Be5 24. Rb1 Bxh2 25. Rxb8 Bf4+ 26. Ke2 Rxb8
27. Rd1 Rc8 28. c3 Rc7 29. Rd8+ Kf7 30. Kd3 Be5 31. a4 Ke7 32. Ra8 Kd7 33. a5
Kc6 34. Re8 Kd7 35. Rf8 Ke7 36. Ra8 h5 37. a6 g5 38. Rg8 Bf6 39. Rg6 Bh8 40.
Rxg5 Rc6 41. Rxh5 Bg7 42. Ra5 Rb6 43. g4 Rc6 44. f4 Rb6 45. f5 exf5 46. gxf5 Kd7
47. Kc4 Rc6+ 48. Kd5 Bxc3 1-0

[Event "Frauenbundesliga 2011-12"]
[Site "Germany GER"]
[Date "2011.10.29"]
[Round "1.2"]
[White "Goehler, Antje"]
[Black "Hoolt, Sarah"]
[Result "0-1"]
[WhiteElo "2134"]
[BlackElo "2286"]
[PlyCount "64"]
[EventDate "2011.10.29"]
[EventType "team-tourn"]
[EventCountry "GER"]
[WhiteTeam "SC Rotation Pankow"]
[BlackTeam "Hamburger SK von 1830"]
[WhiteTeamCountry "GER"]
[BlackTeamCountry "GER"]

1. d4 Nf6 2. Nf3 e6 3. c4 c5 4. d5 b5 5. dxe6 fxe6 6. cxb5 a6 7. b6 Qxb6 8. Nc3
Bb7 9. e3 Be7 10. Be2 O-O 11. O-O d5 12. b3 Nbd7 13. Na4 Qd6 14. Ba3 e5 15. Rc1
Rac8 16. Nd2 Kh8 17. e4 d4 18. Bd3 Ne8 19. Qe2 Qg6 20. Rc2 Nef6 21. Bxa6 c4 22.
bxc4 Bxa6 23. Bxe7 Rf7 24. Bxf6 Nxf6 25. Rb2 Nh5 26. Rb6 Nf4 27. Qf3 Rf6 28.
Rfb1 h5 29. Rxf6 gxf6 30. Rb6 Bxc4 31. h4 Be6 32. Nb3 Bg4 0-1

[Event "Frauenbundesliga 2011-12"]
[Site "Germany GER"]
[Date "2011.10.29"]
[Round "1.3"]
[White "Fuchs, Judith"]
[Black "Schulz, Stefanie"]
[Result "1-0"]
[WhiteElo "2217"]
[BlackElo "2075"]
[PlyCount "129"]
[EventDate "2011.10.29"]
[EventType "team-tourn"]
[EventCountry "GER"]
[WhiteTeamCountry "GER"]
[BlackTeamCountry "GER"]

1. e4 c5 2. Nf3 Nc6 3. d4 cxd4 4. Nxd4 g6 5. Nc3 Bg7 6. Be3 Nf6 7. Bc4 Qa5 8.
O-O O-O 9. Bb3 d6 10. h3 a6 11. Re1 Bd7 12. Nd5 Qd8 13. Nxc6 Bxc6 14. Bb6 Qd7
15. Bd4 e5 16. Be3 Bxd5 17. Bxd5 Nxd5 18. Qxd5 Qc6 19. Qxc6 bxc6 20. Red1 Rfd8
21. c4 Bf8 22. Rd3 Rdb8 23. b3 c5 24. Bd2 Rb6 25. Ba5 Rc6 26. g4 Be7 27. Rad1
h6 28. Kg2 Kg7 29. Bc3 g5 30. h4 Rh8 31. Rh1 Bf6 32. hxg5 hxg5 33. Rh5 Kg6 34.
Rdh3 Rxh5 35. gxh5+ Kh6 36. Kf3 Be7 37. Kg4 Rc8 38. Bd2 Rg8 39. Kf5 Kh7 40. Rg3
Kh6 41. a3 Rb8 42. b4 cxb4 43. axb4 Rb6 44. Kg4 Rb8 45. Rf3 Kg7 46. Rb3 Rc8 47.
b5 Rxc4 48. b6 Rxe4+ 49. Kf5 d5 50. b7 Bd6 51. Bxg5 Bb8 52. Rc3 Rc4 53. Rxc4
dxc4 54. Bf6+ Kh6 55. Bxe5 Ba7 56. Kg4 f5+ 57. Kxf5 Kxh5 58. b8=Q Bxb8 59. Bxb8
c3 60. Bf4 c2 61. Bc1 a5 62. f4 a4 63. Ke5 Kg6 64. Ke6 Kg7 65. f5 1-0

[Event "Frauenbundesliga 2011-12"]
[Site "Germany GER"]
[Date "2011.10.29"]
[Round "1.4"]
[White "Wagner Michel, Annett"]
[Black "Dolgova, Olga"]
[Result "0-1"]
[WhiteElo "2169"]
[BlackElo "2206"]
[PlyCount "82"]
[EventDate "2011.10.29"]
[EventType "team-tourn"]
[EventCountry "GER"]
[WhiteTeam "SC Rotation Pankow"]
[BlackTeam "Hamburger SK von 1830"]
[WhiteTeamCountry "GER"]
[BlackTeamCountry "GER"]

1. e4 c6 2. d4 d5 3. Nc3 dxe4 4. Nxe4 Bf5 5. Ng3 Bg6 6. Nf3 Nd7 7. h4 h6 8. h5
Bh7 9. Bd3 Bxd3 10. Qxd3 e6 11. Bd2 Ngf6 12. O-O-O Be7 13. Qe2 c5 14. dxc5 Qc7
15. Nd4 O-O 16. Nb3 a5 17. Nf5 Bxc5 18. Nxc5 Qxc5 19. Ne3 Rfc8 20. Bc3 b5 21.
Rh4 Qg5 22. Rhd4 b4 23. f4 Qxh5 24. Qxh5 Nxh5 25. Rxd7 bxc3 26. f5 cxb2+ 27.
Kxb2 Rab8+ 28. Kc1 Nf4 29. fxe6 fxe6 30. R1d6 Rb5 31. Ra6 Rg5 32. g4 Rc3 33.
Kd2 Ra3 34. Rd4 Nd5 35. Nc4 Rxa2 36. Rxe6 Nb4 37. Ne3 Rc5 38. Re7 Nxc2 39. Nxc2
Raxc2+ 40. Kd3 R5c3+ 41. Ke4 Re2+ 0-1

[Event "Frauenbundesliga 2011-12"]
[Site "Germany GER"]
[Date "2011.10.29"]
[Round "1.5"]
[White "Hegeler, Anja"]
[Black "Heyme, Sibylle"]
[Result "1-0"]
[WhiteElo "2178"]
[BlackElo "2110"]
[PlyCount "79"]
[EventDate "2011.10.29"]
[EventType "team-tourn"]
[EventCountry "GER"]
[WhiteTeamCountry "GER"]
[BlackTeamCountry "GER"]

1. e4 d6 2. d4 Nf6 3. Nc3 g6 4. f4 Bg7 5. Nf3 O-O 6. Be2 c5 7. O-O cxd4 8. Nxd4
Nbd7 9. Kh1 a6 10. Bf3 Qc7 11. a4 Rb8 12. Qe1 Nc5 13. Be3 Bd7 14. b4 Ne6 15.
Nde2 Rfc8 16. Rd1 Be8 17. f5 Nf8 18. Bd4 N8d7 19. Nf4 Ne5 20. Bxe5 dxe5 21.
Nfd5 Nxd5 22. Nxd5 Qd6 23. f6 exf6 24. Bg4 f5 25. exf5 gxf5 26. Bxf5 Rc4 27.
Qg3 Qh6 28. Nf6+ Kh8 29. Qxe5 Ra8 30. Qd5 Rh4 31. Ng4 Qg5 32. Qxb7 Rd8 33. Rxd8
Qxd8 34. Qxa6 h5 35. Ne5 Bxe5 36. Qh6+ Kg8 37. Bh7+ Kh8 38. Bg6+ Kg8 39. Qh7+
Kf8 40. Rxf7+ 1-0

[Event "Frauenbundesliga 2011-12"]
[Site "Germany GER"]
[Date "2011.10.29"]
[Round "1.3"]
[White "Lauterbach, Ingrid"]
[Black "Frey, Alisa"]
[Result "1-0"]
[WhiteElo "2063"]
[BlackElo "2104"]
[PlyCount "83"]
[EventDate "2011.10.29"]
[EventType "team-tourn"]
[EventCountry "GER"]
[WhiteTeamCountry "GER"]
[BlackTeamCountry "GER"]

1. Nf3 Nf6 2. c4 g6 3. Nc3 d5 4. e3 Bg7 5. cxd5 Nxd5 6. Bc4 Nb6 7. Be2 O-O 8.
d4 Nc6 9. O-O a6 10. b3 e5 11. dxe5 Nxe5 12. Bb2 Nxf3+ 13. Bxf3 c6 14. Qe2 Bf5
15. Rfd1 Qe7 16. e4 Be6 17. Qe3 Nd7 18. Na4 Ne5 19. Be2 Rad8 20. h3 Rxd1+ 21.
Rxd1 Rd8 22. Rxd8+ Qxd8 23. f4 Nd7 24. Bxg7 Kxg7 25. Qd4+ Kg8 26. Nc5 Qb6 27.
Nxe6 fxe6 28. Qxb6 Nxb6 29. Kf2 Kf7 30. Ke3 Nd7 31. b4 Kf6 32. g4 g5 33. e5+
Ke7 34. fxg5 Nxe5 35. h4 Kf7 36. h5 Kg7 37. Kf4 Nf7 38. h6+ Kg8 39. Bc4 e5+ 40.
Kf5 Kf8 41. Kf6 Nd6 42. g6 1-0

[Event "Frauenbundesliga 2011-12"]
[Site "Germany GER"]
[Date "2011.10.29"]
[Round "1.5"]
[White "Brendel, Bergit"]
[Black "Voss, Chantal"]
[Result "0-1"]
[WhiteElo "2119"]
[BlackElo "1898"]
[PlyCount "56"]
[EventDate "2011.10.29"]
[EventType "team-tourn"]
[EventCountry "GER"]
[WhiteTeamCountry "GER"]
[BlackTeamCountry "GER"]

1. e4 e6 2. d4 d5 3. Nc3 Nf6 4. Bg5 Be7 5. e5 Nfd7 6. h4 Nc6 7. Qg4 f6 8. Bd3
Ndxe5 9. dxe5 Nxe5 10. Qe2 Nxd3+ 11. Qxd3 fxg5 12. hxg5 Bxg5 13. Rxh7 O-O 14.
Rh3 Rf5 15. g4 Rf7 16. Qh7+ Kf8 17. Qh8+ Ke7 18. Qh5 Bf4 19. Nge2 Qd6 20. g5
Qe5 21. g6 Rf5 22. Qh7 Bd7 23. Kf1 Raf8 24. Qh4+ Bg5 25. Qb4+ Kd8 26. Nd1 b6
27. a4 Rf3 28. Kg2 Qxe2 0-1

[Event "Frauenbundesliga 2011-12"]
[Site "Germany GER"]
[Date "2011.10.29"]
[Round "1.1"]
[White "Zatonskih, Anna"]
[Black "Ohme, Melanie"]
[Result "1-0"]
[WhiteElo "2508"]
[BlackElo "2344"]
[PlyCount "117"]
[EventDate "2011.10.29"]
[EventType "team-tourn"]
[EventCountry "GER"]
[WhiteTeamCountry "GER"]
[BlackTeamCountry "GER"]

1. d4 Nf6 2. Nf3 g6 3. g3 Bg7 4. Bg2 O-O 5. O-O d6 6. b3 c5 7. c4 Nc6 8. Bb2
cxd4 9. Nxd4 Bd7 10. Nc3 Rc8 11. Nc2 a6 12. Qd2 Qa5 13. Rfd1 Rfe8 14. Rab1 b5
15. Ne3 Ne5 16. h3 bxc4 17. f4 Nc6 18. Nxc4 Qc5+ 19. e3 Na5 20. Nxa5 Qxa5 21.
Nd5 Qxd2 22. Nxf6+ Bxf6 23. Rxd2 Bxb2 24. Rbxb2 Rc3 25. Kf2 a5 26. g4 Rec8 27.
Be4 Bc6 28. Bd3 Kg7 29. Rbc2 Bb7 30. Ke2 Bf3+ 31. Kxf3 Rxd3 32. Ke2 Rcc3 33.
Rxc3 Rxc3 34. Kf3 Rc5 35. Rd4 Kf6 36. Ke4 Ke6 37. Kd3 h5 38. Rc4 Rd5+ 39. Rd4
Rc5 40. Rc4 Rd5+ 41. Kc2 hxg4 42. hxg4 Kd7 43. a4 Rc5 44. Kc3 Rd5 45. b4 axb4+
46. Kxb4 Rd1 47. a5 e5 48. a6 Ra1 49. Kb5 f6 50. fxe5 dxe5 51. e4 Rb1+ 52. Rb4
Ra1 53. Ra4 Rxa4 54. Kxa4 Kc6 55. Ka5 Kc7 56. Kb5 Kb8 57. Kb6 Ka8 58. a7 g5 59.
Ka6 1-0

[Event "Frauenbundesliga 2011-12"]
[Site "Germany GER"]
[Date "2011.10.29"]
[Round "1.5"]
[White "Sedina, Elena"]
[Black "Nikolova, Adriana"]
[Result "1/2-1/2"]
[WhiteElo "2337"]
[BlackElo "2268"]
[PlyCount "178"]
[EventDate "2011.10.29"]
[EventType "team-tourn"]
[EventCountry "GER"]
[WhiteTeamCountry "GER"]
[BlackTeamCountry "GER"]

1. e4 c5 2. c3 d5 3. exd5 Qxd5 4. d4 Nc6 5. Nf3 Bg4 6. Be2 cxd4 7. cxd4 e6 8.
Nc3 Qa5 9. h3 Bh5 10. O-O Nf6 11. Qb3 Qb4 12. Be3 Be7 13. g4 Bg6 14. Ne5 O-O
15. Qxb4 Nxb4 16. h4 Nfd5 17. h5 Bc2 18. a3 Nxe3 19. fxe3 Nd5 20. Nxd5 exd5 21.
Rac1 Rac8 22. Bf3 Bg5 23. Kf2 Rfd8 24. Ke2 Bb3 25. Kd2 f6 26. Nd3 Bc4 27. Rfe1
Kf7 28. Nf4 Bxf4 29. exf4 Re8 30. Rxe8 Rxe8 31. Rc3 Kf8 32. b3 Bb5 33. Rc5 Bc6
34. a4 Rd8 35. a5 a6 36. b4 Ke7 37. Rc1 Kd6 38. Be2 Re8 39. Bd3 h6 40. Rg1 Bb5
41. g5 Bxd3 42. Kxd3 Re4 43. gxh6 gxh6 44. Rg6 Rxf4 45. Rxh6 Kc6 46. Rh7 b6 47.
Ra7 Kb5 48. Rb7 Kxb4 49. axb6 Kb5 50. Rd7 Kxb6 51. Rxd5 a5 52. Kc4 a4 53. Rb5+
Kc6 54. Ra5 Rh4 55. Rxa4 Rxh5 56. Ra6+ Kd7 57. Rxf6 Rg5 58. Rf7+ Kd6 59. Ra7
Rh5 60. Ra6+ Ke7 61. Kd3 Rh3+ 62. Ke4 Rh4+ 63. Kd3 Rh5 64. Kc4 Kd7 65. Rf6 Kc7
66. Kd3 Rh3+ 67. Ke4 Rh4+ 68. Kd5 Rh5+ 69. Kc4 Kd7 70. Rf8 Ke7 71. Rf4 Kd6 72.
Rg4 Rh6 73. Rg5 Kd7 74. Ra5 Rc6+ 75. Kd3 Rd6 76. Ke4 Re6+ 77. Kd5 Rd6+ 78. Ke4
Re6+ 79. Kf5 Re1 80. Rd5+ Kc6 81. Rd8 Kc7 82. Ra8 Kd6 83. Ra5 Rf1+ 84. Ke4 Re1+
85. Kf3 Rf1+ 86. Ke2 Rh1 87. Kd3 Rd1+ 88. Ke3 Re1+ 89. Kd2 Rh1 1/2-1/2

[Event "Frauenbundesliga 2011-12"]
[Site "Germany GER"]
[Date "2011.10.29"]
[Round "1.1"]
[White "Paehtz, Elisabeth"]
[Black "Pokorna, Regina"]
[Result "1-0"]
[WhiteElo "2461"]
[BlackElo "2359"]
[PlyCount "63"]
[EventDate "2011.10.29"]
[EventType "team-tourn"]
[EventCountry "GER"]
[WhiteTeamCountry "GER"]
[BlackTeamCountry "GER"]

1. c4 e6 2. g3 d5 3. d4 Nf6 4. Nf3 dxc4 5. Bg2 Nc6 6. Qa4 Bb4+ 7. Bd2 Nd5 8.
Bxb4 Ndxb4 9. O-O Bd7 10. Ne5 a5 11. Nxd7 Qxd7 12. e3 O-O 13. a3 Nd5 14. Qxc4
a4 15. Nd2 Na5 16. Qc2 Rfd8 17. Rfd1 h6 18. Rac1 Rac8 19. Bf1 Qe8 20. Qc5 Ra8
21. Bb5 b6 22. Qxd5 Rxd5 23. Bxe8 Rxe8 24. Rxc7 e5 25. Nf3 Nb3 26. e4 Rxd4 27.
Nxd4 exd4 28. Rc4 b5 29. Rb4 Rxe4 30. Rxb5 Re2 31. Rb4 Rxb2 32. Rdxd4 1-0

[Event "Frauenbundesliga 2011-12"]
[Site "Germany GER"]
[Date "2011.10.29"]
[Round "1.3"]
[White "Girya, Olga"]
[Black "Korenova, Martina"]
[Result "1/2-1/2"]
[WhiteElo "2390"]
[BlackElo "2220"]
[PlyCount "78"]
[EventDate "2011.10.29"]
[EventType "team-tourn"]
[EventCountry "GER"]
[WhiteTeamCountry "GER"]
[BlackTeamCountry "GER"]

1. d4 f5 2. c4 Nf6 3. Nc3 g6 4. Nf3 Bg7 5. g3 O-O 6. Bg2 d6 7. O-O Nc6 8. d5
Ne5 9. Qb3 Nfd7 10. Be3 h6 11. Nxe5 Nxe5 12. Nb5 a6 13. Nd4 Ng4 14. Rad1 Kh7
15. Bc1 Bd7 16. h3 Nf6 17. Ne6 Bxe6 18. dxe6 b6 19. Bxa8 Qxa8 20. Qf3 Ne4 21.
b4 Qc8 22. Qa3 Qxe6 23. Qxa6 Nc3 24. Rde1 Qe4 25. c5 Ra8 26. Qd3 Rxa2 27. Qxe4
fxe4 28. cxb6 cxb6 29. Be3 b5 30. Kg2 Nxe2 31. Rd1 Nc3 32. Ra1 Rb2 33. Ra7 Nd5
34. Kh1 Rxb4 35. Rd1 Nc3 36. Rd2 Nb1 37. Rd5 Nc3 38. Rd2 Nb1 39. Rd5 Nc3
1/2-1/2

[Event "Frauenbundesliga 2011-12"]
[Site "Germany GER"]
[Date "2011.10.29"]
[Round "1.4"]
[White "Winkelmann, Elena"]
[Black "Zakurdjaeva, Irina"]
[Result "0-1"]
[WhiteElo "2104"]
[BlackElo "2263"]
[PlyCount "86"]
[EventDate "2011.10.29"]
[EventType "team-tourn"]
[EventCountry "GER"]
[WhiteTeam "Rodewischer Schachmiezen"]
[BlackTeam "SC Bad Koenigshofen 1957"]
[WhiteTeamCountry "GER"]
[BlackTeamCountry "GER"]

1. d4 d5 2. c4 e6 3. Nf3 c6 4. Qc2 Nf6 5. Nbd2 dxc4 6. Nxc4 c5 7. e3 Nc6 8.
dxc5 Bxc5 9. a3 O-O 10. b4 Be7 11. Bb2 Bd7 12. Bd3 Rc8 13. Qe2 Nd5 14. O-O Bf6
15. Rfd1 Qe7 16. Rac1 a6 17. Be4 Bxb2 18. Qxb2 Nf6 19. Nb6 Rc7 20. Bb1 Rd8 21.
Ne5 Be8 22. Rxd8 Qxd8 23. Qc2 g6 24. Nec4 Ne5 25. Rd1 Qe7 26. Qb3 Nxc4 27. Nxc4
Bb5 28. Ne5 Be2 29. Re1 Nd5 30. Qb2 Nc3 31. Bd3 Qd6 32. Bxe2 Nxe2+ 33. Qxe2
Qxe5 34. Rd1 Qc3 35. Qa2 Rd7 36. Ra1 Rd2 37. Qb1 Qf6 38. f4 Qc3 39. Qe1 Qb2 40.
Qf1 Rxg2+ 41. Qxg2 Qxa1+ 42. Kf2 Qb2+ 43. Kf1 Qxg2+ 0-1

[Event "Frauenbundesliga 2011-12"]
[Site "Germany GER"]
[Date "2011.10.29"]
[Round "1.5"]
[White "Schoene, Maria"]
[Black "Schulz,A2"]
[Result "1-0"]
[WhiteElo "2186"]
[BlackElo "2113"]
[PlyCount "69"]
[EventDate "2011.10.29"]
[EventType "team-tourn"]
[EventCountry "GER"]
[WhiteTeamCountry "GER"]
[BlackTeamCountry "GER"]

1. e4 c5 2. Nf3 Nc6 3. d4 cxd4 4. Nxd4 e5 5. Nb5 d6 6. N1c3 a6 7. Na3 Be7 8.
Nc4 b5 9. Ne3 Nf6 10. a3 O-O 11. g3 Be6 12. Bg2 Rc8 13. O-O Qb6 14. Ncd5 Bxd5
15. exd5 Na5 16. Nf5 Bd8 17. Kh1 Re8 18. b3 Qc7 19. Bd2 Nb7 20. Rc1 Qc5 21. c4
Qxa3 22. cxb5 Rxc1 23. Bxc1 Qa5 24. bxa6 Qxa6 25. Qc2 Na5 26. Ba3 Nb7 27. Ra1
Qb5 28. Nxd6 Nxd6 29. Bxd6 Nxd5 30. Qc4 Qxc4 31. bxc4 Bc7 32. Bc5 Nb6 33. Ra7
Rc8 34. Bh3 Bb8 35. Rb7 1-0

[Event "Frauenbundesliga 2011-12"]
[Site "Germany GER"]
[Date "2011.10.29"]
[Round "1.6"]
[White "Kubikova, Hanna"]
[Black "Gromova, Julia"]
[Result "1/2-1/2"]
[WhiteElo "2159"]
[BlackElo "2231"]
[PlyCount "81"]
[EventDate "2011.10.29"]
[EventType "team-tourn"]
[EventCountry "GER"]
[WhiteTeam "Rodewischer Schachmiezen"]
[BlackTeam "SC Bad Koenigshofen 1957"]
[WhiteTeamCountry "GER"]
[BlackTeamCountry "GER"]

1. d4 Nf6 2. Nf3 g6 3. c4 Bg7 4. g3 c6 5. Nc3 d5 6. cxd5 cxd5 7. Bg2 O-O 8. O-O
Nc6 9. Ne5 e6 10. Nxc6 bxc6 11. Na4 Nd7 12. Bf4 Qa5 13. Bd6 Re8 14. Rc1 Nb6 15.
b3 Nxa4 16. bxa4 Qd8 17. Bc5 Ba6 18. Re1 Qa5 19. Qc2 Bc4 20. Rb1 e5 21. Bb4 Qa6
22. dxe5 Rxe5 23. Rbc1 Rxe2 24. Rxe2 Bxe2 25. Qxc6 Qxc6 26. Rxc6 Rb8 27. a3 a5
28. Bd2 Bc4 29. h3 Bd4 30. Rd6 Rb1+ 31. Kh2 Bxf2 32. Bxd5 Bxd5 33. Rxd5 Rb3 34.
g4 Be3 35. Bxe3 Rxe3 36. Rxa5 Rxa3 37. Ra8+ Kg7 38. a5 Kf6 39. h4 Ke5 40. g5
Kf4 41. Rf8 1/2-1/2

[Event "Frauenbundesliga 2011-12"]
[Site "Germany GER"]
[Date "2011.10.29"]
[Round "1.1"]
[White "Zozulia, Anna"]
[Black "Majdan Gajewska, Joanna"]
[Result "1/2-1/2"]
[WhiteElo "2377"]
[BlackElo "2386"]
[PlyCount "43"]
[EventDate "2011.10.29"]
[EventType "team-tourn"]
[EventCountry "GER"]
[WhiteTeamCountry "GER"]
[BlackTeamCountry "GER"]

1. e4 c5 2. Nf3 d6 3. d4 cxd4 4. Nxd4 Nf6 5. Nc3 a6 6. Be2 e5 7. Nf3 h6 8. O-O
Be7 9. h3 O-O 10. a4 Be6 11. Re1 Nbd7 12. b3 Rc8 13. Bb2 Rxc3 14. Bxc3 Nxe4 15.
Bd2 d5 16. Bf1 Bc5 17. Re2 Qb6 18. Be1 Ng3 19. Rd2 Ne4 20. Re2 Ng3 21. Rd2 Ne4
22. Re2 1/2-1/2

[Event "Frauenbundesliga 2011-12"]
[Site "Germany GER"]
[Date "2011.10.29"]
[Round "1.3"]
[White "Kalinina, Olga"]
[Black "Jaracz, Barbara"]
[Result "0-1"]
[WhiteElo "2288"]
[BlackElo "2272"]
[PlyCount "132"]
[EventDate "2011.10.29"]
[EventType "team-tourn"]
[EventCountry "GER"]
[WhiteTeamCountry "GER"]
[BlackTeamCountry "GER"]

1. e4 e5 2. Nf3 Nc6 3. Bc4 Bc5 4. c3 Nf6 5. b4 Bb6 6. d3 d6 7. a4 a5 8. b5 Ne7
9. O-O O-O 10. Nbd2 Ng6 11. Ba2 d5 12. Qc2 Be6 13. Ba3 Re8 14. c4 dxe4 15. dxe4
Bd4 16. Rad1 Nf4 17. Nb3 Bg4 18. Nbxd4 exd4 19. Rxd4 Qc8 20. e5 N6h5 21. Ng5 g6
22. f3 Rxe5 23. Nxf7 Ne2+ 24. Kf2 Nxd4 25. Qd3 Re2+ 26. Kg1 Rxg2+ 27. Kh1 Rxa2
28. Nh6+ Kg7 29. Qxd4+ Kxh6 30. Bc1+ g5 31. fxg4 Qe6 32. gxh5 Rf8 33. Bxg5+
Kxg5 34. Qg7+ Kh4 35. Qxf8 Qe4+ 36. Qf3 Qxf3+ 37. Rxf3 Rxa4 38. c5 Rc4 39. Rf5
a4 40. b6 c6 41. Rf8 Rxc5 42. Ra8 Rb5 43. h6 Rxb6 44. Rxa4+ Kg5 45. Rd4 Kxh6
46. Kg2 c5 47. Rh4+ Kg7 48. Kf2 Re6 49. Ra4 b6 50. Ra7+ Kg6 51. Rc7 h6 52. Rc8
Kf5 53. Kf3 Ke5 54. Ke3 Kd5+ 55. Kd3 c4+ 56. Kd2 b5 57. h4 Rg6 58. Kc3 Rg3+ 59.
Kb2 Kd4 60. Rc6 b4 61. Rd6+ Kc5 62. Rxh6 Rg2+ 63. Kc1 c3 64. Rh8 Kc4 65. Rc8+
Kb3 66. Kd1 Kb2 0-1